| 000 | 00851cam a2200265 i 4500 | ||
|---|---|---|---|
| 999 |
_c200443175 _d61387 |
||
| 003 | TR-AnTOB | ||
| 005 | 20230810154710.0 | ||
| 007 | ta | ||
| 008 | 210823s1993 tu a 000 0 eng d | ||
| 040 |
_aTR-AnTOB _beng _erda _cTR-AnTOB _dTR-AnTOB |
||
| 041 | 0 | _aeng | |
| 050 | 4 |
_bHD9506.T8 _aM56 1993 |
|
| 090 |
_aHD9506.T8 _bM56 1993 |
||
| 245 |
_aMining institutions of Turkey _cEditorial group Muammer Öcal [and others]. |
||
| 264 | 1 |
_aAnkara : _bWorld Mining Congress Turkish National Comittee, _c1993. |
|
| 300 |
_a98 pages : _billustrations ; _c24 cm |
||
| 336 |
_2rdacontent _atext _btxt |
||
| 337 |
_2rdamedia _aunmediated _bn |
||
| 338 |
_2rdacarrier _avolume _bnc |
||
| 650 | 0 |
_aMineral industries _zTurkey _944239 |
|
| 700 | 1 |
_aÖcal, Muammer _eeditor _9137414 |
|
| 942 |
_2lcc _cBK |
||